Sleep Token - Provider - Statistics

General Stats
  • This quiz has been taken 114 times
  • The average score is 238 of 327
Answer Stats
Answer % Correct
be
100%
I
100%
(I
100%
provider
100%
wanna
100%
When
100%
when
100%
you
100%
you,
100%
a
96%
Your
95%
your
95%
like
89%
spider
89%
in
87%
silk
82%
rider
80%
you’re
80%
you're
80%
Garner
78%
I'm
78%
insider
78%
secret
78%
the
78%
The
78%
to
78%
want
78%
want)
78%
bet,
76%
my
76%
die,
75%
know
75%
me
75%
That
75%
that
75%
that,
75%
Roll
73%
go
71%
of
71%
Just
69%
just
69%
mine
69%
on
69%
time
69%
we
69%
outer
67%
And
65%
shell,
65%
so
65%
with
65%
With
65%
do
64%
hand,
64%
last
64%
this
64%
what
64%
what—)
64%
Yeah,
64%
bit
62%
Each
62%
fingers
62%
guiding
62%
other
62%
were
62%
Yes,
62%
around
60%
fire,
60%
give
60%
let
60%
skin
60%
can
58%
desire
58%
found
58%
foxtrot
58%
lover
58%
more
58%
myself
58%
Oh,
58%
only
58%
side
58%
there?
58%
up
58%
been
56%
bend
56%
But
56%
decider
56%
hittin’
56%
ICU
56%
it
56%
phone
56%
rules
56%
see
56%
under
56%
bad
55%
body
55%
final
55%
hard
55%
moon
55%
not
55%
than
55%
breathin'
53%
fuel
53%
going
53%
got
53%
look
53%
now,
53%
right
53%
tube
53%
at
51%
girl
51%
good
51%
lose
51%
room
51%
through
51%
back
49%
Caught
49%
fallin'
49%
game
47%
or
47%
would
47%
converse
45%
eyes
45%
friends
45%
old
45%
silence
45%
Exchanging
44%
our
44%
years
44%
delineate
40%
difference
40%
stoke
40%
bodies
38%
both
38%
hesitatin'
38%
spinning
38%
ends
36%
get
36%
something
36%
unsaid
36%
daylight,
35%
Even
35%
'Cause
31%
told
31%
Surely
29%
felt
20%
Yeah-yeah-yeah
15%
No matching quizzes found
Score Distribution
Percent of People with Each Score
Percentile by Number Answered
Your Score History
You have not taken this quiz